Effectif Stade Brestois 2025/2026 - Statistiques

Statistiques générales
  • Ce quiz a été pris 344 fois
    68 depuis la dernière actualisation
  • Le résultat moyen est 19 sur 24
Statistiques - réponses
Poste Numéro Pays Joueur % Correct
COACH - France Éric Roy
96%
ATT 19 France Ludovic Ajorque
96%
G 30 France Grégoire Coudert
94%
DEF 5 France Brendan Chardonnet
92%
MIL 8 France Hugo Magnetti
90%
MIL 23 Mali Kamory Doumbia
90%
DEF 77 France Kenny Lala
86%
G 1 Pologne Radoslaw Majecki
86%
ATT 10 France Romain Del Castillo
86%
DEF 2 France Bradley Locko
80%
MIL 13 France Joris Chotard
80%
ATT 17 Guinée-Bissau Mama Baldé
80%
G 50 Irlande Noah Jauny
80%
DEF 4 Côte d'Ivoire Junior Diaz
78%
ATT 99 Sénégal Pathé Mboup
76%
DEF 44 France Soumaïla Coulibaly
76%
DEF 27 Mali Daouda Guindo
74%
MIL 7 Cameroun Junior Dina Ebimbe
72%
MIL 24 France Lucas Tousart
68%
ATT 14 France Rémy Labeau Lascary
68%
DEF 71 France Raphaël Le Guen
62%
MIL 33 Mali Hamidou Makalou
60%
DEF 12 Côte d'Ivoire Luck Zogbé
60%
ATT 29 Sénégal Saliou Diop
46%
Aucun quiz correspondant
Distribution des résultats
% des personnes avec chaque résultat
Percentile par nombre de réponses
Votre historique - résultats
Vous n’avez pas pris ce quiz depuis la dernière actualisation